000 00603cam a2200217u 4500
999 _c5789
_d5789
001 6079477
003 GBCCL
005 20241126110550.0
008 830617s1957 enk 000 0 eng
010 _a 59030508
040 _aDLC
_cCarP
_dDLC
050 0 0 _aBT885
_b.A7
082 _a236.9
_bARN
100 1 _aArnot, Arthur B.
_q(Arthur Brooke)
_910486
245 1 4 _aThe world's midnight hour;
_bArmageddon foretold.
260 _aLondon,
_bOliphants
_c[1957]
300 _a128 p.
_c19 cm.
650 0 _aSecond Advent.
_9458
906 _a0
_bcbc
_cpremunv
_du
_encip
_f19
_gy-gencatlg
942 _2ddc
_cBK
_01